=LDR 00000nam 2200000 4500 =001 INLIS000000000035044 =005 20130612140929 =008 ***********************************Ind** =035 ##$$a0010-061300000035044 =041 ##$$a Ind =082 ##$$a 410.7 =090 ##$$a 410.7, Irm b =100 ##$$a Imran,Mokhamad =245 ##$$a bahasa Indonesia 2 untk SMK/MAK semua program Kejuruan Kelas XI, Mokhamad Imran =260 ##$$a 2008 $b Jakarta =300 ##$$a xii,283 hlm., 25 cm =650 ##$$a Bahasa Indonesia-Studi dan Pengajaran =850 ##$$a NBPNMAT =990 ##$$a 21400613/BPAP-NTB/20142014 =990 ##$$a 0001/BPAP-NTB/20142014